| 000 | 00570nam a2200169 a 4500 | ||
|---|---|---|---|
| 008 | 120416s1971 ||||||||||||||||| || u | ||
| 050 | _aQD 251.2 Eng | ||
| 100 | _aEnglish, James | ||
| 245 | 1 | 0 | _aPrinciples of organic chemistry |
| 250 | _a4th ed. | ||
| 260 |
_aNew York _bMcGraw-Hill _c1971 |
||
| 300 | _axiii, 558p. | ||
| 350 | _a0.00 | ||
| 650 | 0 | _aCHEMISTRY, ORGANIC | |
| 700 | _aBaird, Richard L | ||
| 995 |
_D0.00 _FCBU-MAIN LIBRARY (Kitwe) _H1 _I19.95 _M1 _UDAMAGED _WMar 16, 2007 _ZMain Library Open Access Collection |
||
| 999 |
_c54627 _d54627 |
||